00575naa a2200169 450000500170000001000130001702000260003003500230005603700280007903700190010710000230012624500900014926000450023927000620028430000400034650000190038620180625171238.0 aB-430929 a9780195670813c595.00 aB-430929, B-163253 bOxford University Press bAllied Pub/Ven aBooth, Gregory D.  aBrass Baja:bstrories from the world of Indian wedding bands / cby Gregory D. Booth  aNew DelhibOxford University Pressc2005 aYMCA Library Building, Jai Singh RoadbNew Delhi e110001 aviii, 335pc22cm (Hb) bb&w photos  aIncludes index